Vista normal
Vista MARC
Entrada Personal Name
Número de registros utilizados en: 4
001 - CONTROL NUMBER
- control field: 318
003 - CONTROL NUMBER IDENTIFIER
- control field: DLC
005 - DATE AND TIME OF LATEST TRANSACTION
- control field: 20250725134043.0
008 - FIXED-LENGTH DATA ELEMENTS
- fixed length control field: 040823n| acannaabn |a aaa
010 ## - LIBRARY OF CONGRESS CONTROL NUMBER
- LC control number: n 2004031694
040 ## - CATALOGING SOURCE
- Original cataloging agency: DLC
- Language of cataloging: spa
- Transcribing agency: Mx-PuUPA
- Modifying agency: Mx-PuUPA
- Description conventions: rda
046 ## - SPECIAL CODED DATES
- Birth date: 1969
100 1# - HEADING--PERSONAL NAME
- Personal name: Rocha, Arturo,
- Fuller form of name: (Rocha Cortés)
- Dates associated with a name: 1969-
370 ## - ASSOCIATED PLACE
- Place of birth: Ciudad de México, México
374 ## - OCCUPATION
- Occupation: Autor
375 ## - GENDER
- Gender: hombre
377 ## - ASSOCIATED LANGUAGE
- Language code: spa
400 1# - SEE FROM TRACING--PERSONAL NAME
- Personal name: Rocha Cortés, Arturo
- Dates associated with a name: 1969-
400 1# - SEE FROM TRACING--PERSONAL NAME
- Personal name: Cortés, Arturo Rocha
- Dates associated with a name: 1969-
670 ## - SOURCE DATA FOUND
- Source citation: Rocha Cortés, Arturo. Los valores que unen a México, 2003:
- Information found: v. 1, t.p. (Arturo Rocha) p. iv (Arturo Rocha Cortés) cover p. 4 (philosopher)